<?xml version="1.0" encoding="UTF-8"?>
<record
    xmlns:xsi="http://www.w3.org/2001/XMLSchema-instance"
    xsi:schemaLocation="http://www.loc.gov/MARC21/slim http://www.loc.gov/standards/marcxml/schema/MARC21slim.xsd"
    xmlns="http://www.loc.gov/MARC21/slim">

  <leader>00901nab a2200253 uc4500</leader>
  <controlfield tag="001">811078</controlfield>
  <controlfield tag="005">20260129100659.0</controlfield>
  <controlfield tag="008">030515m01uu2003                    spa  </controlfield>
  <datafield tag="035" ind1=" " ind2=" ">
    <subfield code="a">811078</subfield>
  </datafield>
  <datafield tag="035" ind1=" " ind2=" ">
    <subfield code="a">(OCoLC)820026468</subfield>
  </datafield>
  <datafield tag="040" ind1=" " ind2=" ">
    <subfield code="c">comduadb</subfield>
  </datafield>
  <datafield tag="041" ind1=" " ind2=" ">
    <subfield code="a">spa</subfield>
  </datafield>
  <datafield tag="100" ind1="1" ind2="0">
    <subfield code="a">Figueroa Campos, Beatriz,</subfield>
    <subfield code="d">1944-</subfield>
    <subfield code="4">aut</subfield>
    <subfield code="e">aut</subfield>
    <subfield code="9">374273</subfield>
  </datafield>
  <datafield tag="245" ind1="1" ind2="0">
    <subfield code="a">Reflexiones sobre la pertinencia y concrecion de un registro de poblacion</subfield>
  </datafield>
  <datafield tag="650" ind1=" " ind2="7">
    <subfield code="a">Estad&#xED;stica vital</subfield>
    <subfield code="2">lemb</subfield>
    <subfield code="9">93377</subfield>
  </datafield>
  <datafield tag="650" ind1=" " ind2=" ">
    <subfield code="a">Fuentes de informaci&#xF3;n</subfield>
    <subfield code="9">46370</subfield>
  </datafield>
  <datafield tag="650" ind1=" " ind2=" ">
    <subfield code="a">Poblacion - Estadisticas</subfield>
    <subfield code="9">12624</subfield>
  </datafield>
  <datafield tag="650" ind1=" " ind2=" ">
    <subfield code="a">Registro civil</subfield>
    <subfield code="9">12524</subfield>
  </datafield>
  <datafield tag="650" ind1=" " ind2=" ">
    <subfield code="a">Din&#xE1;mica de poblaci&#xF3;n</subfield>
    <subfield code="9">81305</subfield>
  </datafield>
  <datafield tag="650" ind1=" " ind2=" ">
    <subfield code="a">Registro de la informaci&#xF3;n</subfield>
    <subfield code="9">15111</subfield>
  </datafield>
  <datafield tag="650" ind1=" " ind2=" ">
    <subfield code="a">Registros de mortalidad</subfield>
    <subfield code="9">56892</subfield>
  </datafield>
  <datafield tag="773" ind1="0" ind2=" ">
    <subfield code="t">Estudios Demogr&#xE1;ficos y Urbanos (M&#xE9;xico)</subfield>
    <subfield code="g">Volumen 18, N&#xFA;mero 01, Enero-Abril 2003, p. 5-32</subfield>
    <subfield code="w">614098</subfield>
    <subfield code="x">0186-7210</subfield>
    <subfield code="0">184557</subfield>
  </datafield>
  <datafield tag="942" ind1=" " ind2=" ">
    <subfield code="c">ARIMP</subfield>
  </datafield>
  <datafield tag="999" ind1=" " ind2=" ">
    <subfield code="c">283836</subfield>
    <subfield code="d">283836</subfield>
  </datafield>
</record>
